| 000 | 01152nam a22003137a 4500 | ||
|---|---|---|---|
| 003 | OSt | ||
| 005 | 20250207003612.0 | ||
| 008 | 250207b |||||||| |||| 00| | eng d | ||
| 020 | _a1-4000-4170-8 | ||
| 040 | _cJMCFI - Learning Resource Center | ||
| 082 | _aF.P./G.Ed. 973.931092 D529 2006 | ||
| 100 |
_aDeYoung, Karen _910259 |
||
| 245 |
_aSoldier : _bthe life of Colin Powell / _cKaren DeYoung. |
||
| 250 | _aFirst edition. | ||
| 260 |
_aNew York : _bAlfred A. Knopf , _c2006. |
||
| 300 |
_a[ii], 610 pages ; _c24 cm |
||
| 500 | _aIncludes indexes and biographical records. | ||
| 504 | _aIncludes bibliographical references. | ||
| 650 |
_aPowell, Colin L. _910260 |
||
| 650 |
_aStatesman _zUnited States _vBiography. _910261 |
||
| 650 |
_aUnited States. Dept. of State _vBiography. _910262 |
||
| 650 |
_aGenerals _zUnites States _vBiography. _910263 |
||
| 650 |
_aAfrican American generals _vBiography. _910264 |
||
| 650 |
_aUnited States. Army _vBiography. _910265 |
||
| 650 |
_aPowell, Colin L _xChildhood and youth. _910266 |
||
| 650 |
_aPowell, Colin L _xFamily. _910267 |
||
| 650 |
_aPowell family. _910268 |
||
| 942 |
_2ddc _cBK _eFirst edition _n0 |
||
| 999 |
_c4007 _d4007 |
||